Estudi legislatiu de turisme rural a l'Estat espanyol
Publicado:
Barcelona :
Diputació de Barcelona. Àrea d'Atenció a les Persones. Servei de Suport a les Polítiques de Consum ,
2012
Descripción Física:
234 p. ; 29 cm
MARC
| LEADER | 00000nam a2200000Ia 4500 | ||
|---|---|---|---|
| 001 | 23427 | ||
| 008 | 160829s2012 xx 000 0 cat d | ||
| 080 | |a M-6-426 | ||
| 245 | |a Estudi legislatiu de turisme rural a l'Estat espanyol | ||
| 260 | |a Barcelona : |b Diputació de Barcelona. Àrea d'Atenció a les Persones. Servei de Suport a les Polítiques de Consum, |c 2012 | ||
| 300 | |a 234 p. ; |c 29 cm | ||
| 650 | |a Turisme rural |x Dret i legislació |x Espanya |9 48841 | ||
| 650 | |a Turisme rural |x Dret i legislació |x Catalunya |9 48842 | ||
| 710 | 1 | |a Barcelona (Catalunya : Província). |b Servei de Suport a les Polítiques de Consum |9 52739 | |
| 901 | |a Arxiu | ||
| 942 | |n 1 | ||
| 952 | |0 0 |1 0 |4 0 |6 M6426 |7 1 |9 54897 |a Arxiu |b Arxiu |d 2012-05-04 |l 0 |o M-6-426 |p 23427 |r 2016-12-01 00:00:00 |w 2016-12-01 |y ARXIU | ||
| 999 | |c 58767 |d 58767 | ||